[Event "Belgrade Trophy 26th"]
[Site "Belgrade"]
[Date "2012.11.24"]
[Round "1"]
[White "Mesterovic, Ljubisa J"]
[Black "Vasovski, Nikola"]
[Result "1/2-1/2"]
[WhiteElo "1828"]
[BlackElo "2254"]
[PlyCount "41"]
[EventDate "2012.11.24"]
[EventType "swiss"]
[EventRounds "9"]
[EventCountry "SRB"]
[SourceTitle "CBM 151 Extra"]
[Source "ChessBase"]
[SourceDate "2012.12.18"]
[SourceVersion "1"]
[SourceVersionDate "2012.12.18"]
[SourceQuality "1"]

1. d4 Nf6 2. Nf3 g6 3. b3 Bg7 4. Bb2 0-0 5. Nbd2 d5 6. e3 Nbd7 7. Bd3 e5 8. dxe5 Ng4 9. 0-0 Ndxe5 10. Nxe5 Nxe5 11. Be2 Nf3+ 12. Nxf3 Bxb2 13. Rb1 Bg7 14. Qd2 c6 15. a4 Qe7 16. Rfd1 Rd8 17. b4 a5 18. bxa5 Qc5 19. a6 bxa6 20. c4 Be6 21. Nd4 1/2-1/2

[Event "Subotica Spartak"]
[Site "Subotica"]
[Date "2012.04.25"]
[Round "8"]
[White "Nadj Hedjesi, Balind"]
[Black "Vasovski, Nikola"]
[Result "1/2-1/2"]
[WhiteElo "2386"]
[BlackElo "2279"]
[PlyCount "116"]
[EventDate "2012.04.20"]
[EventType "tourn"]
[EventRounds "9"]
[EventCountry "SRB"]
[EventCategory "3"]
[SourceTitle "CBM 148 Extra"]
[Source "ChessBase"]
[SourceDate "2012.06.22"]
[SourceVersion "1"]
[SourceVersionDate "2012.06.22"]
[SourceQuality "1"]

1. e4 c5 2. Nc3 e6 3. Nge2 Nc6 4. d4 cxd4 5. Nxd4 Nf6 6. Ndb5 d6 7. Bf4 e5 8. Bg5 a6 9. Bxf6 gxf6 10. Na3 b5 11. Nd5 Be6 12. Bd3 f5 13. Qh5 Bg7 14. 0-0 f4 15. c3 0-0 16. Nc2 f5 17. Ncb4 Nxb4 18. Nxb4 a5 19. exf5 Bf7 20. Qh3 Qf6 21. Nc6 Bc4 22. a4 e4 23. Bxc4+ bxc4 24. Rfd1 d5 25. Nd4 Qe5 26. Qg4 Rf7 27. Rd2 Kh8 28. Rad1 Rg8 29. Ne2 Bf6 30. Qxf4 Qxf4 31. Nxf4 Bg5 32. Rxd5 Bxf4 33. Rxa5 e3 34. fxe3 Bxe3+ 35. Kf1 Rb8 36. Ke2 Bg5 37. Rd4 Rxb2+ 38. Kf3 Re7 39. h4 Re3+ 40. Kg4 Rxg2+ 41. Kh5 Be7 42. Rxc4 Kg7 43. Rf4 Kf7 44. c4 Rge2 45. Kh6 Re4 46. Rxe4 Rxe4 47. h5 Rxc4 48. Kxh7 Rh4 49. h6 Bf8 50. Ra6 Rh5 51. Ra7+ Be7 52. Ra5 Bg5 53. Ra6 Bf4 54. Ra7+ Kf6 55. Ra6+ Kxf5 56. Ra5+ Be5 57. Rxe5+ Kxe5 58. Kg6 Rh1 1/2-1/2

[Event "Subotica Spartak"]
[Site "Subotica"]
[Date "2012.04.22"]
[Round "4"]
[White "Vasovski, Nikola"]
[Black "Ardeleanu, Alin"]
[Result "1/2-1/2"]
[WhiteElo "2279"]
[BlackElo "2338"]
[PlyCount "21"]
[EventDate "2012.04.20"]
[EventType "tourn"]
[EventRounds "9"]
[EventCountry "SRB"]
[EventCategory "3"]
[SourceTitle "CBM 148 Extra"]
[Source "ChessBase"]
[SourceDate "2012.06.22"]
[SourceVersion "1"]
[SourceVersionDate "2012.06.22"]
[SourceQuality "1"]

1. Nf3 d5 2. g3 c5 3. Bg2 Nc6 4. c4 d4 5. d3 e5 6. 0-0 Bd6 7. e3 Nge7 8. exd4 cxd4 9. Na3 0-0 10. Nc2 a6 11. a3 1/2-1/2

[Event "Skopje Karposh op"]
[Site "Skopje"]
[Date "2012.04.09"]
[Round "4"]
[White "Gjorgjevski, Janco"]
[Black "Vasovski, Nikola"]
[Result "0-1"]
[WhiteElo "1936"]
[BlackElo "2279"]
[PlyCount "64"]
[EventDate "2012.04.07"]
[EventType "swiss"]
[EventRounds "9"]
[EventCountry "MKD"]
[SourceTitle "CBM 147 Extra"]
[Source "ChessBase"]
[SourceDate "2012.04.24"]
[SourceVersion "1"]
[SourceVersionDate "2012.04.24"]
[SourceQuality "1"]

1. d4 Nf6 2. c4 c5 3. d5 b5 4. cxb5 a6 5. bxa6 Bxa6 6. Nc3 g6 7. Nf3 d6 8. g3 Bg7 9. Bg2 0-0 10. 0-0 Nbd7 11. h3 Ra7 12. Re1 Nb6 13. e4 Nfd7 14. Qc2 Nc4 15. Bf4 Qa5 16. Bf1 Nxb2 17. Rac1 Bxf1 18. Kxf1 Qa6+ 19. Re2 Nd3 20. Rb1 Nxf4 21. gxf4 Qc4 22. Rb3 Rfa8 23. Nd2 Qd4 24. Ndb1 Qf6 25. Nb5 Rxa2 26. Qxa2 Rxa2 27. Rxa2 Qxf4 28. Ra8+ Nf8 29. N1c3 Qf3 30. h4 h5 31. e5 Bxe5 32. Ra4 Nd7 0-1

[Event "Skopje Karposh op"]
[Site "Skopje"]
[Date "2012.04.07"]
[Round "1"]
[White "Vasovski, Nikola"]
[Black "Mihtis, Theodoros"]
[Result "1-0"]
[WhiteElo "2279"]
[BlackElo "1746"]
[PlyCount "65"]
[EventDate "2012.04.07"]
[EventType "swiss"]
[EventRounds "9"]
[EventCountry "MKD"]
[SourceTitle "CBM 147 Extra"]
[Source "ChessBase"]
[SourceDate "2012.04.24"]
[SourceVersion "1"]
[SourceVersionDate "2012.04.24"]
[SourceQuality "1"]

1. d4 d5 2. c4 e6 3. Nf3 c5 4. Nc3 Nc6 5. cxd5 exd5 6. dxc5 Be6 7. Na4 b5 8. cxb6 axb6 9. e3 Bd6 10. Bb5 Nge7 11. Nd4 Bd7 12. Nxc6 Bxc6 13. Bxc6+ Nxc6 14. Nc3 Ra5 15. 0-0 d4 16. exd4 Bxh2+ 17. Kxh2 Qh4+ 18. Kg1 Rh5 19. Re1+ Kd7 20. f4 Qh1+ 21. Kf2 Qh4+ 22. Kf3 g5 23. fxg5 f6 24. d5 Ne5+ 25. Rxe5 fxe5 26. Qa4+ Kd8 27. Qa8+ Kd7 28. Qb7+ Kd8 29. Qxb6+ Kd7 30. Qc6+ Kd8 31. Qf6+ Kd7 32. Qf7+ Kc8 33. Be3 1-0

[Event "Subotica"]
[Site "Subotica"]
[Date "2011.12.05"]
[Round "6"]
[White "Radlovacki, Jovan"]
[Black "Vasovski, Nikola"]
[Result "1-0"]
[WhiteElo "2429"]
[BlackElo "2299"]
[PlyCount "97"]
[EventDate "2011.12.02"]
[EventType "tourn"]
[EventRounds "9"]
[EventCountry "SRB"]
[EventCategory "3"]
[SourceTitle "CBM 145 Extra"]
[Source "ChessBase"]
[SourceDate "2012.01.03"]
[SourceVersion "1"]
[SourceVersionDate "2012.01.03"]
[SourceQuality "1"]

1. e4 c5 2. Nf3 Nc6 3. Bb5 g6 4. Bxc6 dxc6 5. d3 Bg7 6. h3 Nf6 7. 0-0 0-0 8. Be3 b6 9. a4 Qc7 10. a5 Ba6 11. Nbd2 Rfd8 12. Ra2 Nh5 13. Qa1 Bb7 14. e5 Bxe5 15. Nxe5 Qxe5 16. b4 Qxa1 17. Rfxa1 cxb4 18. axb6 axb6 19. Bxb6 Rxa2 20. Rxa2 Ra8 21. Rb2 Nf6 22. Rxb4 Nd5 23. Rb2 Bc8 24. Bc5 Kf8 25. Nf3 f6 26. Kh2 Ra5 27. Rb8 Rxc5 28. Rxc8+ Kf7 29. c4 Nf4 30. Rd8 Ra5 31. Nd4 Nxd3 32. Nb3 Ra4 33. Rxd3 Rxc4 34. f3 h5 35. Na5 Rc5 36. Nb7 Rc2 37. h4 g5 38. hxg5 fxg5 39. Ra3 e5 40. Nd6+ Ke6 41. Ne4 g4 42. fxg4 hxg4 43. Kg3 Kf5 44. Re3 Ra2 45. Nd6+ Ke6 46. Nc4 Kd5 47. Nxe5 c5 48. Nxg4 c4 49. Kf3 1-0

[Event "Subotica"]
[Site "Subotica"]
[Date "2011.12.04"]
[Round "4"]
[White "Djokic, Nenad"]
[Black "Vasovski, Nikola"]
[Result "1-0"]
[WhiteElo "2373"]
[BlackElo "2299"]
[PlyCount "77"]
[EventDate "2011.12.02"]
[EventType "tourn"]
[EventRounds "9"]
[EventCountry "SRB"]
[EventCategory "3"]
[SourceTitle "CBM 145 Extra"]
[Source "ChessBase"]
[SourceDate "2012.01.03"]
[SourceVersion "1"]
[SourceVersionDate "2012.01.03"]
[SourceQuality "1"]

1. d4 Nf6 2. Nf3 e6 3. c4 Bb4+ 4. Bd2 Qe7 5. g3 b6 6. Bg2 Bb7 7. 0-0 0-0 8. Nc3 d6 9. a3 Bxc3 10. Bxc3 c5 11. d5 Ne4 12. Be1 exd5 13. cxd5 Nd7 14. Nh4 g6 15. f3 Nef6 16. e4 Ba6 17. Rf2 Ne5 18. Bc3 Rfe8 19. Qa4 Bd3 20. Rd1 c4 21. Bxe5 Qxe5 22. Bf1 Bxf1 23. Rdxf1 Qd4 24. Rc1 Rec8 25. b3 Rc5 26. b4 b5 27. Qa6 Qd3 28. Rcf1 Rcc8 29. Qxd6 Ne8 30. Qd7 c3 31. Ng2 Qd4 32. Qxb5 c2 33. Rc1 Rc4 34. Ne1 Qd1 35. Qxc4 Qxc1 36. Kf1 Qxa3 37. Rxc2 Nd6 38. Qd4 Nb5 39. Qc5 1-0

[Event "Subotica"]
[Site "Subotica"]
[Date "2011.12.02"]
[Round "1"]
[White "Vasovski, Nikola"]
[Black "Kumic, Filip"]
[Result "1/2-1/2"]
[WhiteElo "2299"]
[BlackElo "2233"]
[PlyCount "97"]
[EventDate "2011.12.02"]
[EventType "tourn"]
[EventRounds "9"]
[EventCountry "SRB"]
[EventCategory "3"]
[SourceTitle "CBM 145 Extra"]
[Source "ChessBase"]
[SourceDate "2012.01.03"]
[SourceVersion "1"]
[SourceVersionDate "2012.01.03"]
[SourceQuality "1"]

1. d4 Nf6 2. c4 g6 3. Nc3 Bg7 4. e4 d6 5. Be2 0-0 6. Nf3 e5 7. Be3 exd4 8. Nxd4 Re8 9. f3 c6 10. Qd2 d5 11. exd5 cxd5 12. Rd1 dxc4 13. Kf2 a6 14. Bxc4 Qc7 15. Bb3 Nc6 16. Nxc6 Qxc6 17. Rc1 Qd7 18. Rhd1 Qxd2+ 19. Rxd2 Be6 20. Bxe6 Rxe6 21. Rcd1 Rae8 22. Bc5 h5 23. Rd8 Bf8 24. Bxf8 Kxf8 25. R8d6 b5 26. a3 Ke7 27. R6d4 Rc8 28. h4 Re5 29. g4 g5 30. hxg5 Rxg5 31. Re1+ Kf8 32. gxh5 Rxh5 33. Rd6 Ne8 34. Rxa6 Rh2+ 35. Kg3 Rxb2 36. Ne4 b4 37. axb4 Rxb4 38. Ra7 Rc7 39. Ra8 Re7 40. Kf4 Rb6 41. Rh1 Kg7 42. Rg1+ Rg6 43. Rxg6+ Kxg6 44. Ra6+ Re6 45. Rxe6+ fxe6 46. Ke5 Ng7 47. Nd6 Kg5 48. Nf7+ Kh4 49. Kf6 1/2-1/2

[Event "Belgrade Trophy 25th"]
[Site "Obrenovac"]
[Date "2011.11.26"]
[Round "3"]
[White "Vasovski, Nikola"]
[Black "Radlovacki, Jovan"]
[Result "0-1"]
[WhiteElo "2299"]
[BlackElo "2429"]
[PlyCount "84"]
[EventDate "2011.11.24"]
[EventType "swiss"]
[EventRounds "9"]
[EventCountry "YUG"]
[SourceTitle "CBM 145 Extra"]
[Source "ChessBase"]
[SourceDate "2012.01.03"]
[SourceVersion "1"]
[SourceVersionDate "2012.01.03"]
[SourceQuality "1"]

1. d4 Nf6 2. c4 e6 3. Nf3 b6 4. g3 Ba6 5. Qa4 Bb7 6. Bg2 Na6 7. Nc3 Bb4 8. Bd2 c5 9. d5 exd5 10. cxd5 0-0 11. 0-0 Re8 12. Nh4 d6 13. e4 Nc7 14. a3 b5 15. Qc2 Ba5 16. Nf5 Bc8 17. Bg5 h6 18. Bh4 Bxf5 19. exf5 Bxc3 20. bxc3 Qd7 21. Bxf6 gxf6 22. Rfe1 Rxe1+ 23. Rxe1 Re8 24. Re4 Rxe4 25. Qxe4 Kg7 26. Qg4+ Kh7 27. h4 Qe7 28. Qh5 a5 29. Kh2 Na6 30. Bf1 c4 31. f4 Nc5 32. g4 Kg7 33. g5 fxg5 34. hxg5 hxg5 35. fxg5 Qe5+ 36. Kg1 Qxf5 37. Qh6+ Kg8 38. Qxd6 Qg4+ 39. Bg2 Nd3 40. Qb8+ Kg7 41. d6 Nf4 42. Qa8 Nxg2 0-1

[Event "Skopje op 19th"]
[Site "Skopje"]
[Date "2011.11.01"]
[Round "9"]
[White "Vasovski, Nikola"]
[Black "Glavinac, Goran"]
[Result "1-0"]
[WhiteElo "2299"]
[BlackElo "2169"]
[PlyCount "67"]
[EventDate "2011.10.24"]
[EventType "swiss"]
[EventRounds "9"]
[EventCountry "MKD"]
[SourceTitle "EXT 2012"]
[Source "ChessBase"]
[SourceDate "2011.11.24"]
[SourceVersion "1"]
[SourceVersionDate "2011.11.24"]
[SourceQuality "1"]

1. d4 Nf6 2. c4 e6 3. g3 d5 4. Nf3 Be7 5. Bg2 0-0 6. 0-0 dxc4 7. Qc2 a6 8. a4 Bd7 9. Qxc4 Bc6 10. Bf4 Nbd7 11. Nc3 Nb6 12. Qd3 Nfd5 13. Nxd5 Nxd5 14. Bd2 Nb4 15. Bxb4 Bxb4 16. e4 Qd6 17. Rfd1 Rfd8 18. h4 h6 19. Qc2 Qe7 20. Rac1 Rac8 21. Ne5 Be8 22. Qb3 a5 23. Bh3 c5 24. d5 exd5 25. Bxc8 Rxc8 26. Rxd5 Kh7 27. Qf3 g6 28. h5 Bxa4 29. hxg6+ fxg6 30. Nxg6 Qg7 31. Qf5 Re8 32. Rd6 c4 33. Ne5+ Kh8 34. Rxh6+ 1-0

[Event "Skopje op 19th"]
[Site "Skopje"]
[Date "2011.10.30"]
[Round "7"]
[White "Vasovski, Nikola"]
[Black "Kacakovski, Dimitar"]
[Result "1-0"]
[WhiteElo "2299"]
[BlackElo "2157"]
[PlyCount "89"]
[EventDate "2011.10.24"]
[EventType "swiss"]
[EventRounds "9"]
[EventCountry "MKD"]
[SourceTitle "EXT 2012"]
[Source "ChessBase"]
[SourceDate "2011.11.24"]
[SourceVersion "1"]
[SourceVersionDate "2011.11.24"]
[SourceQuality "1"]

1. d4 Nf6 2. c4 g6 3. Nf3 Bg7 4. g3 0-0 5. Bg2 d6 6. 0-0 Nc6 7. b3 e5 8. dxe5 dxe5 9. Bb2 e4 10. Nd4 e3 11. f4 Nxd4 12. Bxd4 Qe7 13. Qc1 Re8 14. Nc3 c6 15. Nd1 Bf5 16. Nxe3 Ng4 17. Nxf5 gxf5 18. Bxg7 Kxg7 19. Qc3+ Kg8 20. Bf3 Ne3 21. Rfc1 a5 22. a3 Qe6 23. Qd4 a4 24. b4 Rad8 25. Qc5 Rd2 26. b5 Rc8 27. bxc6 bxc6 28. h3 Rb8 29. Kf2 Rb3 30. Qe5 Qd7 31. g4 fxg4 32. Qg5+ Kh8 33. hxg4 Qd4 34. Kg3 Rxe2 35. Rh1 Nf5+ 36. gxf5 Qf2+ 37. Kg4 Qxf3+ 38. Kh4 Qf2+ 39. Kh5 Rg3 40. Qd8+ Rg8 41. Qf6+ Rg7 42. Rh4 Re8 43. Kh6 Qg3 44. Rd1 Kg8 45. Rd8 1-0

[Event "Skopje op 19th"]
[Site "Skopje"]
[Date "2011.10.26"]
[Round "3"]
[White "Markovski, Velo"]
[Black "Vasovski, Nikola"]
[Result "0-1"]
[WhiteElo "2046"]
[BlackElo "2299"]
[PlyCount "98"]
[EventDate "2011.10.24"]
[EventType "swiss"]
[EventRounds "9"]
[EventCountry "MKD"]
[SourceTitle "EXT 2012"]
[Source "ChessBase"]
[SourceDate "2011.11.24"]
[SourceVersion "1"]
[SourceVersionDate "2011.11.24"]
[SourceQuality "1"]

1. e4 c5 2. Nf3 Nc6 3. d4 cxd4 4. Nxd4 Nf6 5. Nc3 e6 6. Nxc6 bxc6 7. Bc4 d5 8. exd5 exd5 9. Be2 Bb4 10. 0-0 0-0 11. Bg5 h6 12. Bh4 Bf5 13. Bd3 Bxd3 14. Qxd3 Re8 15. Qd4 Bxc3 16. Qxc3 Ne4 17. Qh3 Qb6 18. b3 Qc5 19. Qd3 Re6 20. Kh1 Qa5 21. f3 Nd6 22. Be1 Qb5 23. Qxb5 Nxb5 24. c4 dxc4 25. bxc4 Na3 26. Rc1 Re2 27. Bb4 Rxa2 28. Rc3 Nc2 29. Bc5 a5 30. h3 Nb4 31. Rb3 Na6 32. Bd6 Rd8 33. c5 Re8 34. f4 Ree2 35. Rg3 f6 36. Rd1 Kf7 37. h4 Nb4 38. Bb8 Nd5 39. Rb1 Rab2 40. Rxb2 Rxb2 41. Bd6 Rb4 42. Ra3 a4 43. g3 h5 44. f5 Re4 45. Kg2 Ne3+ 46. Kf3 Nc4 47. Rd3 Re3+ 48. Rxe3 Nxe3 49. Bc7 Nc4 0-1

[Event "FRM-ch op 20th"]
[Site "Struga"]
[Date "2011.07.20"]
[Round "5"]
[White "Veleski, Robert"]
[Black "Vasovski, Nikola"]
[Result "1-0"]
[WhiteElo "2241"]
[BlackElo "2312"]
[PlyCount "45"]
[EventDate "2011.07.16"]
[EventType "swiss"]
[EventRounds "9"]
[EventCountry "MKD"]
[SourceTitle "CBM 143 Extra"]
[Source "ChessBase"]
[SourceDate "2011.08.29"]
[SourceVersion "1"]
[SourceVersionDate "2011.08.29"]
[SourceQuality "1"]

1. d4 c5 2. d5 g6 3. c4 d6 4. Nc3 Bg7 5. e4 e6 6. Bd3 exd5 7. Nxd5 Nf6 8. Bg5 h6 9. Bxf6 Bxf6 10. Nxf6+ Qxf6 11. Qd2 Nc6 12. Ne2 Ne5 13. 0-0 0-0 14. f4 Nxd3 15. Qxd3 b6 16. Nc3 Bb7 17. Rad1 Rad8 18. Nb5 Qxb2 19. Nxd6 f5 20. Qg3 Rd7 21. Nxf5 Rh7 22. Qxg6+ Kh8 23. Rf2 1-0

[Event "FRM-ch op 20th"]
[Site "Struga"]
[Date "2011.07.19"]
[Round "4"]
[White "Krstev, Emil"]
[Black "Vasovski, Nikola"]
[Result "1/2-1/2"]
[WhiteElo "2217"]
[BlackElo "2312"]
[PlyCount "91"]
[EventDate "2011.07.16"]
[EventType "swiss"]
[EventRounds "9"]
[EventCountry "MKD"]
[SourceTitle "CBM 143 Extra"]
[Source "ChessBase"]
[SourceDate "2011.08.29"]
[SourceVersion "1"]
[SourceVersionDate "2011.08.29"]
[SourceQuality "1"]

1. d4 g6 2. Nc3 Bg7 3. e4 d6 4. g3 Nf6 5. Bg2 0-0 6. Nge2 e5 7. 0-0 Nc6 8. dxe5 dxe5 9. Bg5 Qxd1 10. Raxd1 h6 11. Be3 Bg4 12. f3 Bd7 13. Nd5 Nxd5 14. exd5 Ne7 15. Bc5 Rfe8 16. c4 a5 17. Rfe1 Nf5 18. Bh3 Rad8 19. Nc3 Nd6 20. Bxd7 Rxd7 21. Bxd6 cxd6 22. b3 f5 23. Nb5 Rc8 24. a4 Bf6 25. Re2 Kf7 26. Kg2 h5 27. h3 Bd8 28. f4 e4 29. Nd4 Bf6 30. Ne6 Rg8 31. h4 Bc3 32. Ng5+ Kf6 33. Rxe4 fxe4 34. Nxe4+ Kf5 35. Nxc3 Re8 36. Kf3 Rde7 37. Rd3 Re1 38. Nb5 Rf1+ 39. Kg2 Ree1 40. Nxd6+ Kg4 41. f5 Rg1+ 42. Kh2 Rh1+ 43. Kg2 Rhg1+ 44. Kh2 Rh1+ 45. Kg2 Rhg1+ 46. Kh2 1/2-1/2

[Event "FRM-ch op 19th"]
[Site "Struga"]
[Date "2010.07.19"]
[Round "2"]
[White "Hadzi Manev, Ljubomir"]
[Black "Vasovski, Nikola"]
[Result "0-1"]
[WhiteElo "2193"]
[BlackElo "2312"]
[PlyCount "96"]
[EventDate "2010.07.18"]
[EventType "swiss"]
[EventRounds "9"]
[EventCountry "MKD"]
[SourceTitle "CBM 137 Extra"]
[Source "ChessBase"]
[SourceDate "2010.09.01"]
[SourceVersion "1"]
[SourceVersionDate "2010.09.01"]
[SourceQuality "1"]

1. d4 c5 2. c3 g6 3. Nf3 Bg7 4. e4 Qc7 5. Na3 a6 6. Be3 Nf6 7. Bd3 d6 8. h3 0-0 9. Qd2 b5 10. Rd1 Bb7 11. d5 Nbd7 12. Nh2 e6 13. dxe6 fxe6 14. 0-0 Bxe4 15. Be2 Bd5 16. c4 bxc4 17. Nxc4 Ne4 18. Qc2 Rab8 19. Bd3 Qc6 20. b3 Nc3 21. f3 Nxd1 22. Rxd1 Nf6 23. Ng4 Nxg4 24. hxg4 Bxf3 25. gxf3 Qxf3 26. Qe2 d5 27. Qxf3 Rxf3 28. Be2 Rf7 29. Nd2 Rc7 30. Rc1 Rbc8 31. a4 Rc6 32. Kg2 Bf8 33. Bf4 Rb6 34. Rc2 Rb4 35. Kg3 a5 36. Bb5 Kf7 37. Nf3 Rxb3 38. Bd7 Rd8 39. Bb5 c4 40. Bc7 Ra8 41. Kg2 Bc5 42. Be5 h5 43. g5 Re3 44. Bf6 Bd6 45. Rf2 Kg8 46. Bd4 Re4 47. Bf6 Kh7 48. Rd2 Bb4 0-1

[Event "EU-Cup 25th"]
[Site "Ohrid"]
[Date "2009.10.08"]
[Round "5.2"]
[White "Vasovski, Nikola"]
[Black "Mitkov, Marjan"]
[Result "0-1"]
[WhiteElo "2322"]
[BlackElo "2390"]
[PlyCount "104"]
[EventDate "2009.10.04"]
[EventType "team-swiss"]
[EventRounds "7"]
[EventCountry "MKD"]
[SourceTitle "CBM 133"]
[Source "ChessBase"]
[SourceDate "2009.11.19"]
[SourceVersion "1"]
[SourceVersionDate "2009.11.19"]
[SourceQuality "1"]
[WhiteTeam "Kochani"]
[BlackTeam "Skopje Gambit Peksim"]
[WhiteTeamCountry "MKD"]
[BlackTeamCountry "MKD"]

1. c4 c6 2. d4 d5 3. cxd5 cxd5 4. Nc3 Nf6 5. Bf4 Nc6 6. Rc1 a6 7. e3 Bf5 8. Nf3 e6 9. Qb3 Ra7 10. Be2 Bd6 11. Bxd6 Qxd6 12. 0-0 0-0 13. Na4 Nd7 14. Nc5 b5 15. a4 bxa4 16. Qxa4 Nb6 17. Qb3 Na5 18. Qc3 Nc6 19. Nxe6 Rc8 20. Nc5 a5 21. Nh4 Be6 22. Nf3 Nb4 23. Qa3 Bg4 24. Rfd1 Nc4 25. Qa1 Qe7 26. h3 Bh5 27. Rc3 f6 28. Rdc1 Nd6 29. Bf1 Bxf3 30. gxf3 Rf8 31. Ra3 Rfa8 32. Nd3 Nc4 33. Nxb4 axb4 34. Rxa7 Rxa7 35. Qb1 Qd7 36. Bg2 g5 37. b3 Na3 38. Qd3 Nb5 39. e4 Nc3 40. e5 fxe5 41. dxe5 Ra2 42. Re1 Qa7 43. Re3 Ra1+ 44. Bf1 d4 45. Qc4+ Kg7 46. Re4 Nxe4 47. fxe4 Re1 48. Qxb4 Rxe4 49. Qd6 Rf4 50. Qd8 h6 51. Bd3 Qa1+ 52. Kg2 Qb2 0-1

[Event "EU-Cup 25th"]
[Site "Ohrid"]
[Date "2009.10.06"]
[Round "3.2"]
[White "Vasovski, Nikola"]
[Black "Barrett, Stephen J"]
[Result "1/2-1/2"]
[WhiteElo "2322"]
[BlackElo "2212"]
[PlyCount "136"]
[EventDate "2009.10.04"]
[EventType "team-swiss"]
[EventRounds "7"]
[EventCountry "MKD"]
[SourceTitle "CBM 133"]
[Source "ChessBase"]
[SourceDate "2009.11.19"]
[SourceVersion "1"]
[SourceVersionDate "2009.11.19"]
[SourceQuality "1"]
[WhiteTeam "Kochani"]
[BlackTeam "White Rose"]
[WhiteTeamCountry "MKD"]
[BlackTeamCountry "ENG"]

1. c4 Nf6 2. Nc3 g6 3. Nf3 Bg7 4. e4 d6 5. d4 0-0 6. Be2 Bg4 7. Be3 Nfd7 8. Qb3 b6 9. Rd1 c5 10. d5 Na6 11. h3 Bxf3 12. Bxf3 Nc7 13. 0-0 a6 14. a4 Rb8 15. Be2 e6 16. dxe6 Nxe6 17. Rxd6 Nd4 18. Bxd4 cxd4 19. Nd5 Be5 20. Rc6 Nc5 21. Qc2 d3 22. Bxd3 Ne6 23. Rxe6 fxe6 24. Nb4 Qd6 25. Nxa6 Rbd8 26. Be2 Qd2 27. Qxd2 Rxd2 28. Bg4 Rxb2 29. Bxe6+ Kg7 30. c5 Ra8 31. Bc4 Rc2 32. Bd3 Rc3 33. Bb5 bxc5 34. f4 Bd4+ 35. Kh1 Rc8 36. e5 Re3 37. Rc1 Kh6 38. Bd7 Rf8 39. Nxc5 Rxf4 40. e6 Rf2 41. Nd3 Rd2 42. Ne1 Bb2 43. Rb1 Kg7 44. Nf3 Rc2 45. a5 Kf6 46. a6 Ra3 47. Rf1 Rc1 48. Rxc1 Bxc1 49. Bc8 Bf4 50. Kg1 Bg3 51. Kf1 Ra2 52. Bb7 Rf2+ 53. Kg1 Ra2 54. Kf1 Kxe6 55. Ng5+ Kf5 56. Ne4 Bb8 57. Nc3 Ra5 58. Nd5 Ke5 59. Nb4 Rc5 60. Nd3+ Kd4 61. Nxc5 Kxc5 62. Ke2 g5 63. Kf3 h5 64. Ke4 h4 65. Kf5 Kb6 66. Kxg5 Bg3 67. Kg4 Ka7 68. Kf3 Kb6 1/2-1/2

[Event "FRM-ch op"]
[Site "Struga"]
[Date "2009.07.24"]
[Round "7"]
[White "Vasovski, Nikola"]
[Black "Organdziev, Oliver"]
[Result "1/2-1/2"]
[WhiteElo "2358"]
[BlackElo "2277"]
[PlyCount "20"]
[EventDate "2009.07.18"]
[EventType "swiss"]
[EventRounds "9"]
[EventCountry "MKD"]
[SourceTitle "CBM 131 Extra"]
[Source "ChessBase"]
[SourceDate "2009.09.03"]
[SourceVersion "2"]
[SourceVersionDate "2009.09.16"]
[SourceQuality "1"]

1. Nf3 Nf6 2. c4 e6 3. d4 Bb4+ 4. Nbd2 0-0 5. g3 d5 6. Qc2 Ne4 7. Bg2 c6 8. 0-0 Nxd2 9. Bxd2 Bxd2 10. Nxd2 Nd7 1/2-1/2

[Event "Albena op"]
[Site "Albena"]
[Date "2009.06.25"]
[Round "6"]
[White "Vasovski, Nikola"]
[Black "Ivanov, Borislav"]
[Result "1-0"]
[WhiteElo "2358"]
[BlackElo "2002"]
[PlyCount "81"]
[EventDate "2009.06.20"]
[EventType "swiss"]
[EventRounds "9"]
[EventCountry "BUL"]
[SourceTitle "CBM 130 Extra"]
[Source "ChessBase"]
[SourceDate "2009.07.02"]
[SourceVersion "2"]
[SourceVersionDate "2009.07.15"]
[SourceQuality "1"]

1. d4 d5 2. c4 c6 3. cxd5 cxd5 4. Nc3 Nf6 5. Bf4 Nc6 6. Nf3 a6 7. Rc1 Bf5 8. e3 e6 9. Qb3 Ra7 10. Be2 Bd6 11. Bxd6 Qxd6 12. Na4 Nd7 13. Nb6 0-0 14. Nxd7 Qxd7 15. Qb6 Raa8 16. 0-0 Rfc8 17. Rc5 f6 18. Rfc1 Qc7 19. Qxc7 Rxc7 20. Nd2 Re7 21. a3 g5 22. b4 Bg6 23. Nb3 Be8 24. g4 Bg6 25. Kg2 h6 26. Kg3 Rh7 27. h4 Rc7 28. a4 Re7 29. b5 axb5 30. axb5 Na5 31. Rc8+ Re8 32. Rxe8+ Bxe8 33. Nxa5 Rxa5 34. Rc8 Kf8 35. hxg5 hxg5 36. b6 e5 37. Bd3 exd4 38. Bg6 dxe3 39. Rxe8+ Kg7 40. Bf5 Rb5 41. f3 1-0